System of official texts guiding and assuring the execution of law on foreign investment in Vietnam Hệ thống các văn bản hướng dẫn và bảo đảm thi hành luật đầu tư nước ngoài tại Việt Nam V.2 = T.2.
Forms of Investment; Measures of Investment Guarantee; Rights and Obligations of Foreign Investors and Foreign-Invested Enterprises...
Spremljeno u:
| Format: | Knjiga |
|---|---|
| Jezik: | English Vietnamese |
| Izdano: |
Hà Nội :
The statistics publishing house,
1999.
|
| Teme: | |
| Oznake: |
Dodaj oznaku
Bez oznaka, Budi prvi tko označuje ovaj zapis!
|
| Thư viện lưu trữ: | Mạng thư viện Đại học Đà Nẵng |
|---|
| LEADER | 01446cam a2200397 i 4500 | ||
|---|---|---|---|
| 001 | 000043495 | ||
| 003 | 1465 | ||
| 005 | 20030929103650.0 | ||
| 008 | 010217b1999 vm 000 eng | ||
| 020 | |c 60000 | ||
| 022 | |a T | ||
| 040 | |a IRC |c IRC |d IRC | ||
| 041 | 0 | |a eng |a vie | |
| 082 | 1 | 4 | |a 343.07 |b Sy-O |
| 245 | 0 | 0 | |a System of official texts guiding and assuring the execution of law on foreign investment in Vietnam |n V.2 = |b Hệ thống các văn bản hướng dẫn và bảo đảm thi hành luật đầu tư nước ngoài tại Việt Nam |n T.2. |
| 246 | 0 | 1 | |a Hệ thống các văn bản hướng dẫn và bảo đảm thi hành luật đầu tư nước ngoài tại Việt Nam. |n T.2. |
| 260 | |a Hà Nội : |b The statistics publishing house, |c 1999. | ||
| 300 | |a 798p. ; |c 20cm. | ||
| 520 | 3 | |a Forms of Investment; Measures of Investment Guarantee; Rights and Obligations of Foreign Investors and Foreign-Invested Enterprises... | |
| 630 | 0 | 4 | |a Pháp luật. |
| 630 | 0 | 4 | |a Law on foreign investment. |
| 630 | 0 | 4 | |a Law. |
| 630 | 0 | 4 | |a Luật đầu tư nước ngoài. |
| 650 | 0 | 4 | |a Investment |x Regulation. |
| 650 | 0 | 4 | |a Foreign investment |x Legal. |
| 650 | 0 | 4 | |a Luật đầu tư. |
| OWN | |a DUT | ||
| 999 | |a From the UDN01 | ||
| TYP | |a Monograph | ||
| TYP | |a Printed language | ||
| 980 | |a Mạng thư viện Đại học Đà Nẵng | ||